000 00879nas a2200241 a 4500
999 _c451922
_d451922
003 BLK
005 20250722164651.0
008 220404b bu |||||r|||| 00| 0 bu d
020 _a9772612121039
022 _a2612-1212
040 _aBLK
041 _aBUL
_cBUL
080 _aЛитература на отделни езици и езикови семейства
_b821
_z821-93-94
139 _aБазил, великият мишок детектив
_bБ 15
245 _aБазил, великият мишок детектив
260 _9210229
_aMilano
_bHachette
_c2021
300 _a[28] с.
_bс цв. ил.
_c21 см
380 _aDX
490 _9443207
_aЗлатна колекция вълшебни приказки
_v№ 126
_x2612-1212
852 _a821-93/В 18
_bД
942 _cCPU
_n0
_s1
_09
944 _aCR
_c2022-04-04
_k30564
_lАнна Гръцманова